000 00412nam a2200145 a 4500
001 000033817
005 20200930070537.0
008 110913s1899 dr 000 0 spa d
040 _aDO-SdBNP
_bspa
_cBNPHU
100 1 _aGodoy, García F.
_943983
245 1 0 _aImpresiones /
_cGarcía F. Godoy.
260 _aMoca, República Dominicana :
_bImp. de J. Brache,
_c1899.
300 _a14 p. ;
_c20 cm.
049 _aBNPD
999 _c33308
_d33308